000 00517nam a2200157Ia 4500
008 210716s2012 xx 000 0 und d
020 _a9788126534050
041 _aeng
082 _a658.4063 TIDJ
100 _aTidd, Joe;Bessant, John.
245 _aManaging innovation: integrating technological market and organizational change.
_bIntegrating technological market and organizational change.
250 _a5
260 _aNew Delhi
_bWiley India
_c2012
300 _axix,660/2015
650 _aInnovation & Change
999 _c209949
_d209949